| 000 | 01125nam a2200277Ia 4500 | ||
|---|---|---|---|
| 008 | 130821s2005 sp gr spa | ||
| 020 | _a9788430942572 | ||
| 040 |
_aCo-BoUCM _bspa |
||
| 041 | 0 | 0 | _aspa |
| 100 | 1 |
_aEpicuro _d341-270 A. C. _91583 |
|
| 245 | 1 | 0 |
_aObras _cestudio preliminar, traducción y notas de Montserrat Jufresa ; con la colaboración de Montserrat Camps y Francesca Mestre |
| 250 | _a5a ed. | ||
| 260 |
_aMadrid (España) _bTecnos _c2005 |
||
| 300 | _alxxxii, 101 páginas | ||
| 490 | 0 |
_aColección Clásicos del Pensamiento. _pClásicos del Pensamiento / Eloy García |
|
| 504 | _aIncluye bibliografía e índice general. | ||
| 600 |
_aEpicuro _d341-270 a. C. _d341-270 a. C. _xPensamiento filosófico _9165329 |
||
| 600 | 1 | 4 |
_aEpicuro _d341-270 a. C. _d341-270 a. C. _vColecciones de escritos _9165328 |
| 650 | 0 | 4 |
_aFilosofía antigua _915727 |
| 650 | 0 | 4 |
_aFilosofía griega _915815 |
| 650 | 0 | 4 |
_aFilosofía _975 |
| 700 | 1 |
_aCamps, Montserrat _9166507 |
|
| 700 | 1 |
_aJufresa, Montserrat _9166508 |
|
| 700 | 1 |
_aMestre, Francesca _9166509 |
|
| 942 |
_cLIBRO _2DEWEY _a2 _e5 _h187 _mE641oe |
||
| 999 |
_c65616 _d65616 |
||